000
00337 a2200157 4500
001
62738
020
_a
9789604434701
040
_c
Anchieta - Pituba
100
_a
Malkogianni, Marileni
240
1
0
_a
Huck Finn
_l
Ing
245
1
0
_a
Huck Finn
300
_a
63
362
0
_a
2008
650
4
_a
Literatura juvenil em inglês
942
_c
BK
999
_c
62738
_d
62738